Chanteurs et chanteuses des années 1980 par images #2 - Statistiques

Statistiques générales
  • Ce quiz a été pris 285 fois
  • Le résultat moyen est 11 sur 24
Statistiques - réponses
Par images Réponse % Correct
Jean-Jacques Goldman
96%
Marc Lavoine
85%
Céline Dion
81%
Prince
79%
Tina Turner
72%
Dorothée
70%
Cher
66%
Indochine
60%
Stéphanie de Monaco
58%
Téléphone
58%
Étienne Daho
53%
Alain Bashung
47%
Julie Pietri
41%
The Cure
41%
Culture Club
35%
Alain Chamfort
31%
Sade
29%
Rick Astley
26%
Donna Summer
25%
Billy Idol
19%
Jakie Quartz
19%
Ottawan
16%
Billy Ocean
7%
Womack & Womack
6%
Aucun quiz correspondant
Distribution des résultats
% des personnes avec chaque résultat
Percentile par nombre de réponses
Votre historique - résultats
Vous n’avez pas pris ce quiz